000 00595nam a2200181 a 4500
001 60044
005 20180714061153.0
008 140415s2009 xxu 000 0 eng d
020 _a9780873897518
041 _aeng
082 _a658.562
_bPHI
100 1 _aPHILLIPS, ANN W.
245 1 0 _aISO 9001 2008 INTERNAL AUDITS MADE EASY :
_bTOOLS, TECHNIQUES, AND STEP-BY STEP GUIDELINES FOR SUCCESSFUL INTERNAL AUDITS
250 _a3a ed.
260 _aESTADOS UNIDOS DE AMERICA :
_bASQ,
_c2009
300 _a81
650 1 4 _aCONTROL DE CALIDAD
_xNORMAS, AUDITORIA INTERNA, ISO 9001
999 _c60044
_d60044